01904nam a22002177a 4500003000400000005001700004008004100021020001800062082004800080100002100128245005900149250001200208260004600220300003000266490001700296520116700313700001901480942001601499952015601515999001501671OSt20260415115148.0260415b |||||||| |||| 00| 0 eng d a9781471507878 29781471507878a9781471507878b9781471507878 aEvans, Virginia  aPrime Time 5 American Edition Student Book & Workbook  a2b2013 aE.E U.Ub Express Publishing UK Ltdc2014 a182 PAGc 27,6 x 21,6 cm. 3TAPA BLANDA  aPrime Time es un curso modular de nivel secundario en inglés americano. El curso combina el aprendizaje activo del inglés americano con una variedad de temas dinámicos presentados en cinco módulos temáticos. Características clave: Un enfoque integrado para el desarrollo de las cuatro destrezas lingüísticas. Diálogos estimulantes y realistas con personas en situaciones cotidianas. Presentación y práctica de vocabulario. Variedad de tareas de lectura y comprensión auditiva. Presentación y práctica claras de estructuras gramaticales. Actividades que fomentan el pensamiento crítico y la investigación en la web. Secciones de escritura que contienen modelos y desarrollo de habilidades de escritura. Actividades realistas de trabajo en parejas y en grupo. Secciones de pronunciación e entonación. Consejos de estudio para ayudar a los estudiantes a convertirse en aprendices autónomos. Rincón cultural y secciones interdisciplinarias. Secciones de repaso y revisión del idioma al final de cada módulo. Una sección de referencia gramatical. Pizarra interactiva (IWB). Software de libros electrónicos interactivos. a Dooley, Jenny 2ddccBKAn0 00102ddc40708F02aISUSbISUScBiblioteca Abiertad2026-04-15eIDIOMAS f0498i0498l0oINGLES pIDIOMA0498r2026-04-15 11:52:43t1w2026-04-15yBKA c2074d2074